| 000 | 00521nam a2200217Ia 4500 | ||
|---|---|---|---|
| 008 | 170918s9999 xx 000 0 und d | ||
| 020 | _a978059044297x | ||
| 050 | _bB852 1985 | ||
| 100 | _aBridwell, Norman | ||
| 245 | _aClifford : | ||
| 245 | _bthe big red dog / | ||
| 245 | _cby Norman Bridwell. | ||
| 260 | _aNew York : | ||
| 260 | _bScholastic, | ||
| 260 | _c1985 | ||
| 300 | _aunpaged : | ||
| 300 | _bcolored illustration ; | ||
| 300 | _c20cm. | ||
| 440 | _aClifford the big red dog. | ||
| 500 | _a220 | ||
| 999 |
_c342984 _d342984 |
||